|
|
|
|
| LEADER |
00000nam a2200000 4500 |
| 008 |
150803b2013 mx ||||| |||| 00| | spa d |
| 090 |
|
|
|a 14.02.03
|b 2157
|
| 100 |
1 |
|
|9 685
|a Hunt, Flor
|
| 245 |
1 |
0 |
|a Evaluación de la implementación de la declaración ministerial Prevenir con Educación 2012 del acuerdo a la acción: avances en Latinoamérica y el Carible /
|c Flor Hunt, Erick Monterrosas Castrejón
|
| 260 |
|
|
|a México :
|b Federación Internacional de Planificación de la Familia. Región Hemisferio Occidental; Democracia y Sexualidad,
|c 2013
|
| 300 |
|
|
|a 95 páginas
|b tablas; gráficos
|
| 650 |
1 |
4 |
|9 48
|a SEXUALIDAD
|
| 650 |
1 |
4 |
|9 70
|a SIDA
|
| 650 |
1 |
4 |
|9 1
|a EDUCACIÓN
|
| 650 |
1 |
4 |
|9 5
|a ADOLESCENTES
|
| 700 |
|
|
|9 686
|a Monterrosas Castrejón, Erick
|
| 942 |
|
|
|i 003763 ,003764
|h 14.02.03 2157
|2 z
|c 01
|
| 999 |
|
|
|c 2756
|d 2756
|